000 00740cab a2200217 4500
001 ABS27658
008 090401t1980 xxu||||| |||| 00| 0 eng d
035 _a(Sirsi) u43029
041 _aeng
100 _aWaite, G.C.
245 _aMinerals: valuing the hidden asset
260 _c1980
350 _a0
490 _aValuer (ISVA)
_v49(9) November/December 1980, 281-283(2)
520 _aA discussion on valuations within the extractive industries noting the purposes for which such valuations are required and at the types of valuation done for the owner of minerals and for the operator.
650 _aMINERAL VALUATION
690 _aMINING AND MINERALS
690 _aRATING AND VALUATION
942 _n0
948 _c04/03/1997
999 _c27517
_d27517